000 00814nam a2200181Ia 4500
008 100920s9999 xx 000 0 und d
082 _b106439
_a891.43 न 09
100 _aभाटीया सुदर्शन.
245 _aविश्व प्रसिध्द महापुरुषों के प्रेरक प्रसंग.
260 _bकिताब घर,दिल्ली.
_c2009
300 _a120
_bसाधी
365 _b150
520 _aहिंदी.
630 _aविश्व प्रसिध्द महापुरुषों के प्रेरक प्रसंग.
650 _aहिंदी.
730 _aविश्व प्रसिध्द महापुरुषों के प्रेरक प्रसंग.
942 _cBOOK
999 _c746870
_d746867